[Event "Hamilton Summer op"]
[White "Zhang, Yuanchen"]
[Black "Cormier, Adam"]
[Site "Hamilton"]
[Round "2"]
[Result "0-1"]
[Date "2010.08.21"]
[WhiteElo "1560"]
[BlackElo "1959"]
[PlyCount "136"]
[EventDate "2010.08.21"]
[EventType "swiss"]
[EventRounds "5"]
[EventCountry "CAN"]
[SourceTitle "EXT 2022"]
[Source "ChessBase"]
[SourceDate "2021.10.06"]
[SourceVersion "1"]
[SourceVersionDate "2021.10.06"]
[SourceQuality "1"]

1. d4 d5 2. c4 e6 3. Nc3 c6 4. Nf3 Nf6 5. Bg5 h6 6. Bh4 dxc4 7. a4 Bb4 8. e3 b5 9. Be2 Nbd7 10. 0-0 Qb6 11. Qc2 Bb7 12. b3 cxb3 13. Qxb3 a5 14. Rfc1 Bxc3 15. Rxc3 Nd5 16. Rcc1 b4 17. Nd2 Nc3 18. Bf1 c5 19. dxc5 Nxc5 20. Qc2 0-0 21. Be7 Rfc8 22. Bxc5 Rxc5 23. Nb3 Rg5 24. Nd2 Rc8 25. Qb2 Qc6 26. f3 Qc5 27. Re1 Bc6 28. Qb3 Qd5 29. Qxd5 Rxd5 30. Nc4 Nxa4 31. Rxa4 Bxa4 32. Nb6 Bd7 33. Nxd5 exd5 34. Bd3 Rc3 35. Bb1 b3 36. Kf2 Bb5 37. Rd1 Bc4 38. e4 Kf8 39. exd5 Ke7 40. d6+ Kd7 41. Be4 Be6 42. Ra1 b2 43. Rxa5 Rb3 44. Ra7+ Kxd6 45. Bb1 g6 46. Ra5 Bf5 47. Ra6+ Ke7 48. Ra7+ Kf6 49. Ra6+ Kg7 50. Ba2 b1Q 51. Bxb1 Rxb1 52. Ra2 h5 53. h4 Rh1 54. Kg3 Rc1 55. Ra6 Kh6 56. Rb6 Rc4 57. Rd6 Be6 58. Rd3 g5 59. hxg5+ Kxg5 60. Rd2 Bf5 61. Rd8 h4+ 62. Kf2 Rc2+ 63. Kg1 Kf4 64. Rh8 Kg3 65. Rg8+ Bg6 66. Kf1 Rxg2 67. f4 Rf2+ 68. Ke1 Rxf4 0-1

[Event "CAN-ch Amateur U2100"]
[White "Becker, Paul"]
[Black "Cormier, Adam"]
[Site "Kitchener"]
[Round "6"]
[Result "0-1"]
[Date "2010.08.02"]
[WhiteElo "2035"]
[BlackElo "1879"]
[PlyCount "100"]
[EventDate "2010.07.30"]
[EventType "swiss"]
[EventRounds "7"]
[EventCountry "CAN"]
[SourceTitle "EXT 2022"]
[Source "ChessBase"]
[SourceDate "2021.10.06"]
[SourceVersion "1"]
[SourceVersionDate "2021.10.06"]
[SourceQuality "1"]

1. e4 c5 2. Nf3 d6 3. d4 cxd4 4. Nxd4 Nf6 5. Nc3 a6 6. Be2 e5 7. Nb3 Be7 8. 0-0 0-0 9. Kh1 Nc6 10. f4 exf4 11. Bxf4 Be6 12. Qe1 Ne5 13. Rd1 Qc7 14. Nd4 b5 15. Nd5 Nxd5 16. exd5 Bxd5 17. Nf5 Be6 18. Nxe7+ Qxe7 19. Qb4 Qc7 20. Rxd6 Ng6 21. Bg3 Qxc2 22. Bf3 a5 23. Qd4 Qc4 24. Qxc4 Bxc4 25. Rfd1 Rac8 26. b3 Be6 27. Ra6 a4 28. bxa4 bxa4 29. Rxa4 Rc2 30. a3 Ra2 31. Ra7 h6 32. h4 Rc8 33. h5 Nf8 34. Kh2 Nh7 35. Rd3 Nf6 36. Rd4 Kh7 37. Be5 Nxh5 38. Be4+ g6 39. Rd6 Bf5 40. Rxf7+ Kg8 41. Bd5 Rd2 42. Rc7+ Kf8 43. Rxc8+ Bxc8 44. Bb7 Re2 45. Rd8+ Ke7 46. Rxc8 Rxe5 47. Ra8 Re3 48. a4 Ra3 49. a5 Nf6 50. a6 Ng4+ 0-1

[Event "CAN-ch Amateur U2100"]
[White "Fu, James"]
[Black "Cormier, Adam"]
[Site "Kitchener"]
[Round "1"]
[Result "1/2-1/2"]
[Date "2010.07.30"]
[WhiteElo "2023"]
[BlackElo "1879"]
[PlyCount "124"]
[EventDate "2010.07.30"]
[EventType "swiss"]
[EventRounds "7"]
[EventCountry "CAN"]
[SourceTitle "EXT 2022"]
[Source "ChessBase"]
[SourceDate "2021.10.06"]
[SourceVersion "1"]
[SourceVersionDate "2021.10.06"]
[SourceQuality "1"]

1. e4 c5 2. Nf3 d6 3. d4 cxd4 4. Nxd4 Nf6 5. Nc3 a6 6. a4 e5 7. Nf3 Be7 8. Bd3 0-0 9. h3 Be6 10. 0-0 h6 11. Nh2 Nbd7 12. a5 Nc5 13. f4 Nxd3 14. cxd3 exf4 15. Bxf4 d5 16. e5 Nh7 17. Rf3 Rc8 18. d4 Bb4 19. Rg3 Kh8 20. Qb3 Bxa5 21. Qxb7 Qb6 22. Qxb6 Bxb6 23. Rd3 Rc4 24. Nf3 a5 25. b3 Rb4 26. Na4 Bf5 27. Rd2 Rxb3 28. Nxb6 Rxb6 29. Rxa5 Be6 30. Ne1 g5 31. Bg3 Rfb8 32. Nd3 Kg7 33. Nc5 Kg6 34. Be1 h5 35. Re2 Rb5 36. Ra6 R8b6 37. Ra7 Rb2 38. Re3 Rc2 39. Rb3 Rxb3 40. Nxb3 Rc4 41. Ra6 Kf5 42. Kf2 Nf8 43. Bd2 Ng6 44. Ra1 Ne7 45. Ke2 Kg6 46. Rf1 Nf5 47. Kd3 h4 48. Bc3 Bd7 49. Kd2 Ng3 50. Rf6+ Kg7 51. Nc5 Bf5 52. Ra6 Ne4+ 53. Nxe4 Bxe4 54. Ra1 Bxg2 55. Rg1 Bxh3 56. Rxg5+ Kh6 57. Rg1 Be6 58. Rc1 h3 59. Ke3 h2 60. Kd2 Ra4 61. Bb2 Rb4 62. Bc3 Ra4 1/2-1/2

[Event "Brantford McMahon op"]
[White "Hendon, Lee"]
[Black "Cormier, Adam"]
[Site "Brantford"]
[Round "3"]
[Result "1/2-1/2"]
[Date "2010.02.04"]
[WhiteElo "1688"]
[BlackElo "1652"]
[PlyCount "77"]
[EventDate "2010.01.21"]
[EventType "swiss"]
[EventRounds "5"]
[EventCountry "CAN"]
[SourceTitle "EXT 2011"]
[Source "ChessBase"]
[SourceDate "2010.11.26"]
[SourceVersion "1"]
[SourceVersionDate "2010.11.26"]
[SourceQuality "1"]

1. Nf3 d5 2. g3 c5 3. Bg2 Nc6 4. c3 e5 5. d3 Nf6 6. Nbd2 Be7 7. Qc2 h6 8. b3 Be6 9. 0-0 Qd7 10. e4 d4 11. cxd4 Nxd4 12. Nxd4 cxd4 13. Nf3 Rc8 14. Qd2 Bd6 15. Kh1 Bh3 16. Qa5 Bxg2+ 17. Kxg2 b6 18. Qa6 Rc2 19. Ba3 Bxa3 20. Qxa3 Qc7 21. Rac1 Rc3 22. Rxc3 dxc3 23. Qa4+ Nd7 24. Rc1 0-0 25. Qc4 Rc8 26. Rxc3 Qxc4 27. Rxc4 Rxc4 28. dxc4 f6 29. Nd2 Kf7 30. Kf3 Ke6 31. Ke3 g6 32. b4 Kd6 33. Nb1 Nb8 34. Nc3 Nc6 35. a3 Nd4 36. Nb5+ Nxb5 37. cxb5 f5 38. f3 fxe4 39. fxe4 1/2-1/2

[Event "Brantford McMahon op"]
[White "Cormier, Adam"]
[Black "Gashgarian, Robert"]
[Site "Brantford"]
[Round "2"]
[Result "1/2-1/2"]
[Date "2010.01.28"]
[WhiteElo "1652"]
[BlackElo "1922"]
[PlyCount "71"]
[EventDate "2010.01.21"]
[EventType "swiss"]
[EventRounds "5"]
[EventCountry "CAN"]
[SourceTitle "EXT 2011"]
[Source "ChessBase"]
[SourceDate "2010.11.26"]
[SourceVersion "1"]
[SourceVersionDate "2010.11.26"]
[SourceQuality "1"]

1. d4 d6 2. e4 Nf6 3. Nc3 Nbd7 4. Nf3 e5 5. Be2 c6 6. 0-0 Be7 7. h3 h6 8. Be3 Qc7 9. Qd2 b5 10. a3 a5 11. Bd3 Rb8 12. d5 b4 13. axb4 axb4 14. Ne2 cxd5 15. Ng3 d4 16. Nxd4 exd4 17. Bxd4 Nc5 18. f4 Nxd3 19. cxd3 0-0 20. Ra7 Rb7 21. Rc1 Qb8 22. Ra5 Bd8 23. Ra2 Rb5 24. Kh1 Be6 25. Ra6 Kh7 26. Rcc6 Ne8 27. Nf5 Rxf5 28. exf5 Bd5 29. Rc2 Qb5 30. Ra7 Bb3 31. Rc8 Bh4 32. Qe3 Rg8 33. Raa8 Bd5 34. Rab8 Bb7 35. Rxe8 Qc6 36. Qe2 1/2-1/2